000 00981nam a22003137a 4500
003 CHAP
005 20220329133523.0
008 971013s1989 r 00010 d
010 _a7360
011 _a8332
035 _a7558
040 _cCHAP
082 _a634.909795
_bP4
100 0 0 _aPerry, David A.
_987293
245 _aMaintaining the long-term productivity of pacific north west forest ecosystems
260 _aPortland, Oregon :
_bTimber Press,
_c1989
300 _a256 p.
_b: ilus.
500 _a63-77
590 _aBATCH-UPD
_b10
_c20130110
_lUCH01
_h2001
590 _aBATCH-UPD
_b10
_c20130410
_lUCH01
_h1321
590 _aBATCH-UPD
_b10
_c20130914
_lUCH01
_h0707
590 _aCONVERSION
_b10
_c20130109
_lUCH01
_h1305
650 1 4 _aBosques
_xOregon.
_914356
650 1 4 _aEcologĂ­a forestal.
_935176
650 1 4 _aEcosistema.
_935290
901 _aBK
942 _cLIBRO
949 _a634.909795 P4
_bBC
_cLIBRO
_d33724000232724
_eLIBRO
_gI.164882
_h83606
_i7558
_si
_t170.00
999 _c7360
_d7360